Let's recycle (Record no. 59758)

MARC details
000 -LEADER
fixed length control field 01037nam a22002177a 4500
005 - DATE AND TIME OF LATEST TRANSACTION
control field 20111221115955.0
010 ## - LCCN (DPL NO)
LC control number B-444600 B-470496
020 ## - INTERNATIONAL STANDARD BOOK NUMBER
International Standard Book Number 9781603466929
Terms of availability 50.00
035 ## - SYSTEM CONTROL NUMBER
System control number B-444600 B-470496
037 ## - SOURCE OF ACQUISITION
Source of stock number/acquisition Blue Berry/Ven
082 ## - DEWEY DECIMAL CLASSIFICATION NUMBER
Classification number 628.4458
245 ## - TITLE STATEMENT
Title Let's recycle
260 ## - PUBLICATION, DISTRIBUTION, ETC. (IMPRINT)
Name of publisher, distributor, etc Macaw Books
Date of publication, distribution, etc 2010
300 ## - PHYSICAL DESCRIPTION
Extent 24p.
Other physical details ill.
Dimensions 20cm(pbk)
490 ## - SERIES STATEMENT
Series statement Go green
-- 52682
942 ## - ADDED ENTRY ELEMENTS (KOHA)
Source of classification or shelving scheme Dewey Decimal Classification
Item type Children Books
Call number suffix LET
Classification part 628.4458
Holdings
Withdrawn status Lost status Not for loan Collection code Home library Current library Date acquired Source of acquisition Cost, normal purchase price Full call number Barcode Copy number Cost, replacement price Koha item type
      Non-fiction Sarojini Nagar Sarojini Nagar 05/01/2012 Blue Berry/7042/29.9.2011/83/21.3.2011/12.10.2011 50.00 628.4458 LET B-444600 1 50.00 Children Books
      Non-fiction Shahdara Branch Shahdara Branch 27/09/2012 Blue Berry/IN8226/24.03.2012/43/20.03.2012/29.03.2012 50.00 628.4458 LET B-470496 1 50.00 Children Books

© Delhi Public Library
Hit Counter
free hit counter